000 00725nam a2200229Ia 4500
005 20250508170101.0
008 008 250505s9999 xx 000 0 eng d
020 _a978-0-367-20423-5
037 _aReference
040 _aFEDL
_beng
_cFEDL
041 _aeng
_2eng
084 _a108.3, ROL/RR
_qFEDL
100 _aGregory Maughn Rollins Ed.
_9481329
245 0 _aIn community of inquiry with ann margaret sharp: Childhood, philosophy and education
260 _aLondon, UK
_bRoutledge
_c2018
300 _axx, 264p.
365 _aGBP
_b38.99
490 _aPhilosophy for Children Founders
700 _a Laverty Megan Jane Ed.
_9782955
942 _cREF
_h108.3, ROL/RR
999 _c1399125
_d1399125